000 00726nam a2200193Ii 4500
003 JO-AjNU
008 230605s9999||||xx |||||||||||||| ||und||
040 _aJO-AjNU
_bara
_erda
_cJO-AjNU
041 _aara
050 1 4 _aPN4756.R4712 1990
100 3 _aتأليف شمول، روبرت ؛ ترجمة الفرد عصفور ؛ تدقيق وتحرير رائد السمرة,
_eauthor
_917908
245 0 0 _aمسؤوليات الصحافة =THE RESPONSIBILITIES OF JOURNALISM
264 3 1 _aعمان: مركز الكتب الأردني، 1990
300 _a157ص
336 _atext
_btxt
_2rdacontent
337 _aunmediated
_bn
_2rdamedia
338 _avolume
_bnc
_2rdacarrier
650 4 _aمسؤوليات الصحافة
_917909
999 _aA5629
_c9197
_d9197